| Tag |
First Indicator |
Second Indicator |
Subfields |
| LEADER |
00000cam a2200000 a 4500 |
| 001 |
in00003536799 |
| 005 |
20151105211656.0 |
| 008 |
140929t20152015caua 000 0 eng d |
| 020 |
|
|
|a 9781593765460
|
| 020 |
|
|
|a 1593765460
|
| 035 |
|
|
|a (OCoLC)ocn892076144
|
| 040 |
|
|
|a TOH
|e rda
|c TOH
|d YDX
|d BWK
|d BDX
|d CUV
|d UtOrBLW
|
| 049 |
|
|
|a TXAM
|
| 050 |
|
4 |
|a NC1850.M68
|b J33 2015
|
| 100 |
1 |
|
|a Mouse, Stanley,
|d 1940-
|
| 245 |
1 |
0 |
|a California dreams :
|b the art of Stanley Mouse /
|c text by Blair Jackson.
|
| 264 |
|
1 |
|a Berkeley, California :
|b Counterpoint,
|c [2015]
|
| 264 |
|
4 |
|c ©2015
|
| 300 |
|
|
|a 237 pages :
|b chiefly color illustrations ;
|c 31 cm.
|
| 336 |
|
|
|a text
|b txt
|2 rdacontent
|
| 337 |
|
|
|a unmediated
|b n
|2 rdamedia
|
| 338 |
|
|
|a volume
|b nc
|2 rdacarrier
|
| 600 |
1 |
0 |
|a Mouse, Stanley,
|d 1940-
|
| 700 |
1 |
|
|a Jackson, Blair.
|
| 945 |
|
|
|a PromptCat
|b 218365
|
| 946 |
|
|
|a stk
|
| 947 |
|
|
|a A14842988553
|
| 948 |
|
|
|a cataloged
|b h
|c 2015/6/26
|d c
|e dmitchel
|f 3:20:10 pm
|
| 994 |
|
|
|a C0
|b TXA
|
| 999 |
|
|
|a MARS
|
| 999 |
f |
f |
|s e9ada8fe-678b-350c-8788-6d28cd6c3b7a
|i 90fcaa0a-9144-33bc-81f9-737a9bc274ed
|t 0
|
| 952 |
f |
f |
|p normal
|a Texas A&M University
|b College Station
|c Sterling C. Evans Library
|d Evans: Library Stacks
|t 0
|e NC1850.M68 J33 2015
|h Library of Congress classification
|i unmediated -- volume
|m A14842988553
|
| 998 |
f |
f |
|a NC1850.M68 J33 2015
|t 0
|l Evans: Library Stacks
|